000 01218nam0a22003011 4500
001 rc\113947
005 20250620185132.0
010 _a5-87260-023-2
_95000
035 _a(NLR Aleph) 005373474
090 _a7024761
_c7024761
100 _a20021216d1996 |||y0rusy50 ca
101 0 _arus
102 _aRU
105 _aa |||||||||
200 1 _aТайны тысячелетий
_e[Сборник
_fРед.-сост. Н. Непомнящий]
210 _aМ.
_cИзд. дом "Вокруг света"
_d1996
215 _a459, [3] с.
_cил.
_d21
225 1 _aБиблиотека "Вокруг света"
327 1 _aСодерж.: Разд.: Забытые миры; Между прошлым и будущим; Тени минувшего
464 0 _12001#$aЗабытые миры
_tЗабытые миры
464 0 _12001#$aМежду прошлым и будущим
_tМежду прошлым и будущим
464 0 _12001#$aТени минувшего
_tТени минувшего
702 1 _aНепомнящий
_bН.Н.
_gНиколай Николаевич
_4340
801 0 _aRU
_bNLR
_gpsbo
801 1 _aRU
_bELAR
_2rusmarc
852 _aNLR
_j98-3/7873
942 _cBOOK
980 _aNB